| 000 | 00776nam a2200253 i 4500 | ||
|---|---|---|---|
| 999 |
_c200434939 _d53151 |
||
| 003 | TR-AnTOB | ||
| 005 | 20190408222200.0 | ||
| 008 | 190116s2006 xxu g 00| 0 tur d | ||
| 040 |
_aTR-AnTOB _beng _erda _cTR-AnTOB |
||
| 041 | _atur | ||
| 050 | 1 | _aKKX110 | |
| 090 |
_aKKX110 _bK37 2006 |
||
| 100 | 1 |
_aKarabekir, Ahmet Rıdvan _eauthor _9123489 |
|
| 245 | 1 | 0 |
_aAvukatlık mı dediniz? : _banılar / _cAv. Ahmet Rıdvan Karabekir. |
| 246 | 3 | 0 | _aAvukatlık |
| 264 | 3 |
_aİstanbul : _bTatlıdil Matbaacılık, _c[2006]. |
|
| 300 |
_a286 pages ; _c24 cm |
||
| 336 |
_2rdacontent _atext _btxt |
||
| 337 |
_2rdamedia _aunmediated _bn |
||
| 338 |
_2rdacarrier _avolume _bnc |
||
| 590 | _a"Donated by Jale Karabekir" | ||
| 942 |
_2lcc _cBK |
||